00383nam a2200157Ia 45000010006000000050017000060080041000230410008000640820019000721000034000912450042001252600009001673000033001766500008002096540008002172479820260414151107.0260414t2012||||xx |||||||||||||| ||spa|| aESP a346bB74C T. 2 aBorda, Guillermo AntonioeAUT 0aTratado de derecho civil :bcontratos c2012 axxx, 832 páginas :c25 cm. aDER aCDE